[Event "XXX Festival A"]
[Site "Arco ITA"]
[Date "2008.10.20"]
[Round "3"]
[White "Romagnoli, Roberto"]
[Black "Coqueraut, Jean Dominique"]
[Result "1-0"]
[WhiteElo "2080"]
[BlackElo "1892"]
[PlyCount "87"]
[EventDate "2008.10.18"]

1. c4 Nf6 2. Nc3 d6 3. g3 c6 4. Bg2 e5 5. d3 Be7 6. Nf3 Bd7 7. O-O Qc8 8. Rb1
Bh3 9. e4 Bxg2 10. Kxg2 h6 11. b4 O-O 12. Nh4 Re8 13. Nf5 Bf8 14. f4 g6 15.
fxe5 Rxe5 16. d4 Rxf5 17. exf5 g5 18. Qd3 Qd7 19. d5 Bg7 20. Bb2 Na6 21. a3 Nc7
22. Ne4 Nce8 23. Bxf6 Nxf6 24. Nxf6+ Bxf6 25. Rbd1 Be5 26. c5 Rd8 27. dxc6 bxc6
28. cxd6 Bxd6 29. Rd2 Qc7 30. Rfd1 Be7 31. Qe4 Rxd2+ 32. Rxd2 a5 33. Rc2 axb4
34. axb4 Qd7 35. Qxc6 Qxc6+ 36. Rxc6 Bxb4 37. Kf3 Kg7 38. Kg4 Bd2 39. Kh5 g4
40. Kxg4 Bg5 41. Kh5 f6 42. Rc7+ Kf8 43. Kg6 Ke8 44. h4 1-0

[Event "XXX Festival A"]
[Site "Arco ITA"]
[Date "2008.10.20"]
[Round "3"]
[White "Roversi, Stefano"]
[Black "Burani, Eugenio"]
[Result "0-1"]
[WhiteElo "1839"]
[BlackElo "1991"]
[PlyCount "100"]
[EventDate "2008.10.18"]

1. e4 c5 2. Nc3 e6 3. Nf3 d6 4. d4 cxd4 5. Nxd4 Nf6 6. Bb5+ Bd7 7. Bxd7+ Qxd7
8. O-O Nc6 9. Be3 Be7 10. f4 O-O 11. Qf3 Nxd4 12. Bxd4 a6 13. Rad1 Qc6 14. e5
Qxf3 15. Rxf3 dxe5 16. Bxe5 Rad8 17. Rfd3 Rxd3 18. Rxd3 Rd8 19. Rxd8+ Bxd8 20.
Bxf6 Bxf6 21. Nd1 Kf8 22. Kf2 Ke7 23. Kf3 Kd6 24. Ke4 Bd8 25. g4 h6 26. Ne3 Bf6
27. c3 b5 28. f5 e5 29. Nd5 Bd8 30. Nb4 a5 31. Nd5 Bg5 32. b3 Bd2 33. c4 bxc4
34. bxc4 Kc5 35. Kxe5 Kxc4 36. f6 gxf6+ 37. Nxf6 Kb4 38. Ne4 Bc1 39. Kf6 Ka3
40. Kxf7 Kxa2 41. h4 Kb3 42. Kg6 Be3 43. g5 hxg5 44. hxg5 a4 45. Kf5 a3 46. g6
Bh6 47. Nc5+ Kc4 48. Ne4 a2 49. Nd2+ Kc3 50. Ne4+ Kc2 0-1

[Event "XXX Festival A"]
[Site "Arco ITA"]
[Date "2008.10.20"]
[Round "3"]
[White "Schaberg, Wolfgang"]
[Black "Moncelli, Giorgio"]
[Result "1/2-1/2"]
[WhiteElo "1932"]
[BlackElo "2110"]
[PlyCount "55"]
[EventDate "2008.10.18"]

1. e4 e5 2. Nf3 Nc6 3. Bc4 Nf6 4. d3 Be7 5. h3 d6 6. c3 O-O 7. Be3 d5 8. exd5
Nxd5 9. O-O Be6 10. Bb5 Bd6 11. Bxc6 bxc6 12. Nbd2 f5 13. Bg5 Qe8 14. Nc4 Qg6
15. h4 f4 16. Ncxe5 Qf5 17. Nxc6 h6 18. Nfd4 Qf7 19. Nxe6 Qxe6 20. Re1 Qf7 21.
c4 hxg5 22. cxd5 gxh4 23. Qf3 Qf6 24. d4 Rae8 25. Rxe8 Rxe8 26. Kf1 Qf5 27. Rc1
Re4 28. Qb3 1/2-1/2

[Event "XXX Festival A"]
[Site "Arco ITA"]
[Date "2008.10.20"]
[Round "3"]
[White "Schrott, Johann"]
[Black "Morselli, Stefano"]
[Result "1-0"]
[WhiteElo "1689"]
[BlackElo "1901"]
[PlyCount "67"]
[EventDate "2008.10.18"]

1. e4 g6 2. d4 Bg7 3. f4 d6 4. Nf3 Nf6 5. Bd3 c5 6. c3 cxd4 7. cxd4 O-O 8. Nc3
Nc6 9. O-O Bg4 10. Be2 Qb6 11. Na4 Qc7 12. Nc3 Rac8 13. Be3 a6 14. Rc1 e6 15.
Qd2 Qa5 16. h3 Bxf3 17. Bxf3 Ne7 18. Rc2 Kh8 19. Rfc1 Rc7 20. Qf2 Rfc8 21. a3
Rc4 22. g4 d5 23. e5 Ne4 24. Bxe4 dxe4 25. Qg2 f5 26. exf6 Bxf6 27. Qxe4 R8c6
28. Kh2 e5 29. fxe5 Bxe5+ 30. Qxe5+ Qxe5+ 31. dxe5 Nd5 32. Bh6 Kg8 33. Rf2 Rc8
34. Rcf1 1-0

[Event "XXX Festival A"]
[Site "Arco ITA"]
[Date "2008.10.20"]
[Round "3"]
[White "Stolfa, Rodolfo"]
[Black "Schrott, Ernst"]
[Result "1-0"]
[WhiteElo "1912"]
[BlackElo "2072"]
[PlyCount "72"]
[EventDate "2008.10.18"]

1. d4 g6 2. Nf3 Bg7 3. e4 d6 4. Be2 Nf6 5. Nc3 O-O 6. O-O Nbd7 7. Be3 Ng4 8.
Bf4 c5 9. h3 cxd4 10. Nxd4 Ngf6 11. Be3 Nc5 12. f3 Bd7 13. Rb1 Rc8 14. Qd2 a6
15. Bh6 Bxh6 16. Qxh6 Qb6 17. Qe3 Ne6 18. Rfd1 Nxd4 19. Qxd4 Qa5 20. Bc4 Qg5
21. g4 h5 22. Bf1 hxg4 23. hxg4 Kg7 24. Nd5 Rh8 25. Nxe7 Bxg4 26. fxg4 Qxg4+
27. Bg2 Rxc2 28. Rd2 Rc5 29. Nd5 Rxd5 30. exd5 Qg3 31. Rf2 Qh2+ 32. Kf1 Qe5 33.
Qxe5 dxe5 34. Rc1 Ng4 35. Re2 Rd8 36. Bf3 Nh2+ 1-0

[Event "XXX Festival A"]
[Site "Arco ITA"]
[Date "2008.10.20"]
[Round "3"]
[White "Tocco, Paolo"]
[Black "Wohl, Aleksandar H."]
[Result "0-1"]
[WhiteElo "2156"]
[BlackElo "2362"]
[PlyCount "80"]
[EventDate "2008.10.18"]

1. d4 d5 2. e4 dxe4 3. Nc3 e5 4. Qh5 Nf6 5. Qxe5+ Be7 6. Bf4 O-O 7. Qxc7 Nc6 8.
Nge2 Bg4 9. Qxd8 Rfxd8 10. Be3 Nb4 11. Rc1 Rac8 12. a3 Nbd5 13. Nxd5 Nxd5 14.
c4 Nxe3 15. fxe3 Bg5 16. Rc3 f5 17. g3 Rc6 18. h3 Bh5 19. Nf4 Bf7 20. Rh2 Be7
21. h4 Rh6 22. Rcc2 Rb6 23. b4 Ra6 24. Ra2 Rxa3 25. Rxa3 Bxb4+ 26. Kf2 Bxa3 27.
Ke1 Bc1 28. d5 Bxe3 29. Rb2 b6 30. Bh3 g6 31. Ke2 Bd4 32. Ra2 a5 33. g4 fxg4
34. Bxg4 Rf8 35. Rd2 Bc5 36. Bh3 h6 37. Rd1 a4 38. Bd7 a3 39. Ra1 Rd8 40. Bg4
b5 0-1

[Event "XXX Festival A"]
[Site "Arco ITA"]
[Date "2008.10.20"]
[Round "3"]
[White "Tomassoni, Leonardo"]
[Black "Sigmund, Ingenuin"]
[Result "1-0"]
[WhiteElo "1982"]
[BlackElo "1676"]
[PlyCount "93"]
[EventDate "2008.10.18"]

1. e4 e6 2. d4 d5 3. Nc3 Bb4 4. e5 c5 5. a3 Ba5 6. b4 cxd4 7. Qg4 Ne7 8. Qxg7
Rg8 9. Qxh7 Qc7 10. Bb5+ Bd7 11. Bxd7+ Nxd7 12. Nce2 Bb6 13. Nf3 Nxe5 14. Ng5
O-O-O 15. Nxf7 Nxf7 16. Qxf7 Rxg2 17. Qxe6+ Qd7 18. Qxd7+ Kxd7 19. Nf4 Rgg8 20.
Bd2 Bc7 21. O-O-O Be5 22. Nd3 Bf6 23. h4 b6 24. h5 Nf5 25. Rde1 Rc8 26. Kb1
Rce8 27. Rxe8 Rxe8 28. h6 Rh8 29. Rh5 Ne7 30. Nf4 Kd6 31. b5 Rh7 32. Ka2 Kc5
33. a4 Kc4 34. Nd3 a5 35. bxa6 Nc6 36. Rf5 Be7 37. Ne5+ Nxe5 38. a7 Rh8 39.
Rxe5 Bc5 40. Re6 d3 41. cxd3+ Kxd3 42. Bf4 Ra8 43. Bb8 b5 44. h7 Bxa7 45. h8=Q
Bd4 46. Qh3+ Kc4 47. Qb3+ 1-0

[Event "XXX Festival A"]
[Site "Arco ITA"]
[Date "2008.10.20"]
[Round "3"]
[White "Trauth, Michael"]
[Black "Castellano, Alfonso"]
[Result "1/2-1/2"]
[WhiteElo "2165"]
[BlackElo "1967"]
[PlyCount "96"]
[EventDate "2008.10.18"]

1. c4 Nf6 2. g3 g6 3. Nf3 Bg7 4. Bg2 O-O 5. Nc3 c6 6. O-O d5 7. cxd5 cxd5 8. d4
Nc6 9. Ne5 e6 10. Nxc6 bxc6 11. Na4 Nd7 12. Be3 Ba6 13. Rc1 Qa5 14. b3 Rac8 15.
Re1 Rfe8 16. Bd2 Qb5 17. e3 Qb8 18. Ba5 Bf8 19. e4 Bb7 20. Qd2 dxe4 21. Bxe4 c5
22. Bxb7 Qxb7 23. dxc5 Nxc5 24. Nxc5 Bxc5 25. Bc3 Qf3 26. Ba1 Rcd8 27. Qe2 Qxe2
28. Rxe2 Bb6 29. Bf6 Rd5 30. Rec2 Kf8 31. Kg2 Rf5 32. Bb2 e5 33. Re1 h5 34. Re4
g5 35. h3 Re6 36. Bc1 Ref6 37. Be3 Kg7 38. g4 hxg4 39. hxg4 Bxe3 40. fxe3 Rf1
41. Rxe5 Kg6 42. b4 Rb1 43. b5 Rff1 44. Rcc5 f6 45. Re7 Rg1+ 46. Kf3 Rbf1+ 47.
Ke2 Re1+ 48. Kf3 Ref1+ 1/2-1/2

[Event "XXX Festival A"]
[Site "Arco ITA"]
[Date "2008.10.20"]
[Round "3"]
[White "Traversi, Carlo"]
[Black "Cracco, Pietro"]
[Result "0-1"]
[WhiteElo "1759"]
[BlackElo "1984"]
[PlyCount "74"]
[EventDate "2008.10.18"]

1. e4 e6 2. d3 d5 3. Nd2 Nf6 4. Be2 c5 5. b3 Nc6 6. Ngf3 Be7 7. Bb2 O-O 8. O-O
a6 9. Kh1 Qc7 10. h3 b5 11. c3 Bb7 12. exd5 Nxd5 13. d4 Rad8 14. Qc1 Nf4 15.
Qe1 cxd4 16. cxd4 Qb6 17. Rg1 Nb4 18. Qf1 Nxe2 19. Qxe2 Bf6 20. Ne4 Be7 21. a3
Nd5 22. Qd2 Nf6 23. Nxf6+ Bxf6 24. Qe3 Qd6 25. Rgd1 Qd5 26. Rac1 Rc8 27. Kg1 h6
28. Rxc8 Rxc8 29. Qd3 Qh5 30. Ne1 Rd8 31. f3 e5 32. Nc2 exd4 33. Nxd4 Qe5 34.
Kh1 Qg5 35. Qc2 Be5 36. g4 Qf4 37. Qf2 Bxf3+ 0-1

[Event "XXX Festival A"]
[Site "Arco ITA"]
[Date "2008.10.20"]
[Round "3"]
[White "Virzi, Ettore"]
[Black "Prelati, Maurizio"]
[Result "1-0"]
[WhiteElo "1950"]
[BlackElo "2135"]
[PlyCount "87"]
[EventDate "2008.10.18"]

1. e4 c5 2. Nf3 d6 3. d4 cxd4 4. Nxd4 Nf6 5. Nc3 a6 6. Bg5 e6 7. f4 Be7 8. Qf3
Qc7 9. O-O-O Nbd7 10. Bd3 h6 11. Bh4 g5 12. fxg5 Ne5 13. Qe2 Nfg4 14. Nf3 Nxf3
15. Qxf3 Ne5 16. Qh5 Ng6 17. Bg3 hxg5 18. Qf3 Ne5 19. Bxe5 dxe5 20. Rdf1 Bd8
21. Bb5+ axb5 22. Nxb5 Qe7 23. Nd6+ Kd7 24. Nxf7 Rh7 25. Rd1+ Kc7 26. Qc3+ Kb8
27. Rxd8 Qc7 28. Qxc7+ Kxc7 29. Rf8 Rxa2 30. Kb1 Ra4 31. Nxg5 Rh5 32. h4 Rd4
33. Rf7+ Kd6 34. Kc1 b6 35. g3 Bd7 36. c3 Rd3 37. Rd1 Rxd1+ 38. Kxd1 Rh8 39.
Rh7 Ra8 40. Nf7+ Kc5 41. b4+ Kb5 42. Nxe5 Bc8 43. g4 Ra2 44. g5 1-0

[Event "XXX Festival A"]
[Site "Arco ITA"]
[Date "2008.10.20"]
[Round "3"]
[White "Wagner, Frank"]
[Black "Zucchelli, Massimo"]
[Result "0-1"]
[WhiteElo "1955"]
[BlackElo "2145"]
[PlyCount "120"]
[EventDate "2008.10.18"]

1. Nf3 d5 2. g3 Nf6 3. Bg2 c6 4. O-O Bg4 5. d3 Nbd7 6. Nbd2 e6 7. b3 Bd6 8. Bb2
O-O 9. Re1 e5 10. e4 Re8 11. Qc1 a5 12. a4 d4 13. Ba3 Bb4 14. Bxb4 axb4 15. Nc4
Bxf3 16. Bxf3 Qe7 17. Qd2 Qc5 18. Rec1 Ra6 19. Bd1 Nb6 20. a5 Nxc4 21. bxc4 Qd6
22. c5 Qxc5 23. Rcb1 Rxa5 24. Rxa5 Qxa5 25. Qxb4 Qxb4 26. Rxb4 b5 27. f4 exf4
28. gxf4 Ra8 29. Rxd4 Kf8 30. Kf2 Ra1 31. e5 Rxd1 32. exf6 gxf6 33. Kf3 Rc1 34.
c4 bxc4 35. dxc4 c5 36. Rd8+ Kg7 37. h4 h5 38. Rd5 Rc3+ 39. Kg2 Rxc4 40. Rxh5
Rxf4 41. Rxc5 Rxh4 42. Kf3 Ra4 43. Kg3 Kg6 44. Rc8 f5 45. Rg8+ Kf6 46. Re8 Ra1
47. Kf2 Kg5 48. Rg8+ Kf4 49. Rf8 Ra2+ 50. Kg1 Kg3 51. Kf1 Ra7 52. Ke2 Re7+ 53.
Kf1 f4 54. Rg8+ Kf3 55. Kg1 Re1+ 56. Kh2 Re6 57. Rh8 Kf2 58. Rh3 f3 59. Rh7 Ke1
60. Rxf7 f2 0-1

[Event "XXX Festival A"]
[Site "Arco ITA"]
[Date "2008.10.20"]
[Round "3"]
[White "Weinberg, Emanuele"]
[Black "Zenatto, Giuliano"]
[Result "1/2-1/2"]
[WhiteElo "1861"]
[BlackElo "1762"]
[PlyCount "67"]
[EventDate "2008.10.18"]

1. d4 Nf6 2. c4 g6 3. Nc3 d5 4. cxd5 Nxd5 5. e4 Nxc3 6. bxc3 Bg7 7. Bc4 O-O 8.
Be3 c5 9. Ne2 cxd4 10. cxd4 Nc6 11. Rc1 e6 12. h4 Na5 13. Bd3 Bd7 14. h5 Rc8
15. hxg6 fxg6 16. f3 Qe7 17. Kf2 Rxc1 18. Nxc1 Rc8 19. Qe2 Qb4 20. e5 Qc3 21.
Nb3 Nxb3 22. axb3 Qb4 23. Bc4 a6 24. Bd2 Qe7 25. d5 exd5 26. Bxd5+ Kh8 27. Bxb7
Bb5 28. Qe4 Rc7 29. Bd5 Qxe5 30. Qxe5 Bxe5 31. Be4 Be8 32. Rc1 Bd4+ 33. Kg3
Rxc1 34. Bxc1 1/2-1/2

[Event "XXX Festival A"]
[Site "Arco ITA"]
[Date "2008.10.21"]
[Round "4"]
[White "Astengo, Corrado"]
[Black "Grant, Jonathan I.M."]
[Result "1/2-1/2"]
[WhiteElo "2172"]
[BlackElo "2246"]
[PlyCount "108"]
[EventDate "2008.10.18"]

1. e4 c6 2. d4 d5 3. Nd2 dxe4 4. Nxe4 Bf5 5. Ng3 Bg6 6. h4 h6 7. Nf3 Nd7 8. h5
Bh7 9. Bd3 Bxd3 10. Qxd3 e6 11. Bf4 Ngf6 12. O-O-O Be7 13. Kb1 Qa5 14. c4 b5
15. Ne5 Rc8 16. Rhe1 bxc4 17. Qxc4 Qb4 18. Qxb4 Bxb4 19. Bd2 Bxd2 20. Rxd2 O-O
21. Rc2 Nxe5 22. dxe5 Nd5 23. Ne4 Nf4 24. Nd6 Rc7 25. Re4 Nxh5 26. Rh4 g6 27.
g4 Nf4 28. f3 Kg7 29. Rch2 h5 30. gxh5 Nxh5 31. Rg2 Kh6 32. Ne4 Rb7 33. Nf6 Rh8
34. f4 Rb4 35. Rg5 Rxf4 36. Rgxh5+ gxh5 37. Rxf4 Kg5 38. Rf1 h4 39. Ne4+ Kg6
40. Rf6+ Kg7 41. Rf2 Kg6 42. Kc2 Rh5 43. Rh2 Rxe5 44. Rxh4 f5 45. Nc3 Kg5 46.
Rh7 f4 47. Rxa7 f3 48. Rf7 Kg4 49. Kd2 Kg3 50. Rg7+ Kh2 51. Rf7 Kg2 52. Rg7+
Kh2 53. Rf7 Kg2 54. Rg7+ Kh2 1/2-1/2

[Event "XXX Festival A"]
[Site "Arco ITA"]
[Date "2008.10.21"]
[Round "4"]
[White "Bondielli, Giorgio"]
[Black "Buck, Klaus-Michael"]
[Result "1/2-1/2"]
[WhiteElo "1954"]
[BlackElo "1804"]
[PlyCount "72"]
[EventDate "2008.10.18"]

1. e4 e6 2. d4 d5 3. e5 c5 4. c3 Nc6 5. Nf3 cxd4 6. cxd4 Bb4+ 7. Bd2 Bxd2+ 8.
Qxd2 h6 9. h4 Qa5 10. Nc3 Bd7 11. Be2 a6 12. O-O Nge7 13. a3 Qd8 14. b4 b5 15.
Rac1 Rc8 16. Bd3 Qb6 17. Bb1 a5 18. Na2 a4 19. Rc5 Na7 20. Rfc1 Nec6 21. Bd3
Ke7 22. Nc3 Nb8 23. Rxd5 Rxc3 24. Rxd7+ Nxd7 25. Rxc3 Nc6 26. Be4 Ncb8 27. Qc2
Re8 28. Bc6 Rc8 29. Bxd7 Rxc3 30. Qxc3 Nxd7 31. Nd2 Qb7 32. f3 Qd5 33. Ne4 Qb3
34. Kh2 f5 35. exf6+ gxf6 36. Qc1 Qd3 1/2-1/2

[Event "XXX Festival A"]
[Site "Arco ITA"]
[Date "2008.10.21"]
[Round "4"]
[White "Burani, Eugenio"]
[Black "Dickhoff, Ronald"]
[Result "1/2-1/2"]
[WhiteElo "1991"]
[BlackElo "2175"]
[PlyCount "33"]
[EventDate "2008.10.18"]

1. e4 e5 2. Nf3 Nc6 3. Bc4 Nf6 4. d3 Be7 5. O-O O-O 6. c3 d6 7. Bb3 Na5 8. Bc2
c5 9. b4 cxb4 10. cxb4 Nc6 11. b5 Na5 12. h3 Bd7 13. a4 Rc8 14. Bd2 h6 15. Nc3
Be6 16. Rc1 Re8 17. Ne2 1/2-1/2

[Event "XXX Festival A"]
[Site "Arco ITA"]
[Date "2008.10.21"]
[Round "4"]
[White "Casagrande, Fabio"]
[Black "Nicolodi, Raoul"]
[Result "0-1"]
[WhiteElo "2017"]
[BlackElo "1825"]
[PlyCount "48"]
[EventDate "2008.10.18"]

1. e4 e5 2. Nf3 Nc6 3. d4 exd4 4. Nxd4 Bc5 5. Nxc6 Qf6 6. Qf3 dxc6 7. Bc4 Be6
8. Bxe6 Qxe6 9. O-O Nf6 10. Nc3 O-O 11. Bf4 Bb6 12. Rad1 Rad8 13. Bg5 Bd4 14.
Rde1 Rfe8 15. e5 Bxe5 16. Ne4 Nxe4 17. Bxd8 Nd2 18. Qd3 Nxf1 19. Kxf1 Qc8 20.
Bg5 Bxb2 21. Rxe8+ Qxe8 22. Qb3 Qd7 23. f3 Qd1+ 24. Kf2 Bd4+ 0-1

[Event "XXX Festival A"]
[Site "Arco ITA"]
[Date "2008.10.21"]
[Round "4"]
[White "Castellano, Alfonso"]
[Black "Cardili, Mariano"]
[Result "0-1"]
[WhiteElo "1967"]
[BlackElo "2123"]
[PlyCount "92"]
[EventDate "2008.10.18"]

1. c4 c6 2. b3 d5 3. Bb2 Nf6 4. g3 Bf5 5. Nf3 e6 6. Bg2 Nbd7 7. d3 Bd6 8. Nc3
Qe7 9. O-O O-O 10. Re1 Bg6 11. e4 dxe4 12. dxe4 e5 13. a3 a5 14. Qc2 Rfe8 15.
Nh4 Nf8 16. Nd1 Bc5 17. Ne3 Rad8 18. Nhf5 Qc7 19. Rad1 Ne6 20. Rxd8 Rxd8 21.
Rd1 Bxf5 22. Rxd8+ Qxd8 23. Nxf5 g6 24. Ne3 Bd4 25. Bc1 Bxe3 26. Bxe3 Nd4 27.
Qd1 c5 28. f4 exf4 29. gxf4 b6 30. b4 Nh5 31. bxc5 bxc5 32. Qg4 Qb8 33. f5 Qb1+
34. Bf1 Qe1 35. Bf2 Qc1 36. fxg6 hxg6 37. Bxd4 cxd4 38. e5 Qe3+ 39. Kh1 Nf4 40.
Qg5 Qf3+ 41. Kg1 Qe3+ 42. Kh1 Qf2 43. Qg1 Qf3+ 44. Bg2 Qe2 45. Bc6 d3 46. Bg2
Qxg2+ 0-1

[Event "XXX Festival A"]
[Site "Arco ITA"]
[Date "2008.10.21"]
[Round "4"]
[White "Cavatorta, Ivan"]
[Black "Giaracuni, Claudio"]
[Result "1-0"]
[WhiteElo "1868"]
[BlackElo "1780"]
[PlyCount "75"]
[EventDate "2008.10.18"]

1. d4 Nf6 2. Nf3 e6 3. e3 c5 4. c3 d5 5. Bd3 cxd4 6. cxd4 Bb4+ 7. Bd2 Bxd2+ 8.
Nbxd2 Nc6 9. O-O O-O 10. a3 b6 11. Re1 Bb7 12. e4 dxe4 13. Nxe4 Nxe4 14. Bxe4
Rc8 15. d5 exd5 16. Qxd5 Qxd5 17. Bxd5 Rfe8 18. Rac1 Rxe1+ 19. Rxe1 h6 20. Ne5
Nxe5 21. Bxb7 Rc2 22. f4 Ng6 23. f5 Nf8 24. Re7 g6 25. Bd5 gxf5 26. Rxf7 Rd2
27. Rxf5+ Kg7 28. b4 Ng6 29. g3 Rd3 30. a4 Ra3 31. Rf7+ Kh8 32. Rxa7 Ne5 33. a5
bxa5 34. Rxa5 Rc3 35. Rc5 Re3 36. b5 Re2 37. b6 Re3 38. Kg2 1-0

[Event "XXX Festival A"]
[Site "Arco ITA"]
[Date "2008.10.21"]
[Round "4"]
[White "Coqueraut, Jean Dominique"]
[Black "Marino, Francesco V."]
[Result "1-0"]
[WhiteElo "1892"]
[BlackElo "1686"]
[PlyCount "53"]
[EventDate "2008.10.18"]

1. d4 Nf6 2. c4 e6 3. Nf3 b6 4. Nc3 Bb4 5. Bg5 Bb7 6. e3 h6 7. Bxf6 Qxf6 8. Be2
O-O 9. Qc2 Nc6 10. a3 Be7 11. b4 a6 12. O-O Rac8 13. Bd3 d6 14. Ne4 Qg6 15.
Nxd6 f5 16. Nxc8 Rxc8 17. d5 Nd8 18. e4 fxe4 19. Bxe4 Qf6 20. dxe6 c5 21. Bxb7
Nxb7 22. Rfb1 Qxe6 23. Re1 Qf6 24. Qe4 Rc7 25. Qd5+ Kh7 26. Re6 Qf7 27. Rxh6+
1-0

[Event "XXX Festival A"]
[Site "Arco ITA"]
[Date "2008.10.21"]
[Round "4"]
[White "Coqueraut, Lodewyk"]
[Black "Garonzi, Martino"]
[Result "1/2-1/2"]
[WhiteElo "1869"]
[BlackElo "2008"]
[PlyCount "94"]
[EventDate "2008.10.18"]

1. b3 Nc6 2. Bb2 Nf6 3. g3 e5 4. Bg2 d5 5. e3 Be6 6. Ne2 Qd7 7. h3 Bd6 8. d3 h5
9. Nd2 O-O-O 10. a3 Ng8 11. b4 f5 12. e4 dxe4 13. dxe4 f4 14. c4 fxg3 15. fxg3
Nd4 16. Nc3 Qf7 17. Nd5 Qg6 18. Bxd4 exd4 19. g4 Bg3+ 20. Ke2 d3+ 21. Kxd3 c6
22. Rc1 Kb8 23. Kc3 cxd5 24. exd5 Be5+ 25. Kb3 Qd3+ 26. Ka2 hxg4 27. hxg4 Rxh1
28. Bxh1 Bxg4 29. Qc2 Qxc2+ 30. Rxc2 Nf6 31. Ne4 Bf5 32. Re2 Nxe4 33. Bxe4 Bxe4
34. Rxe4 Bf6 35. Re6 Kc7 36. Kb3 Kd7 37. c5 Be7 38. Kc4 g5 39. Rg6 Rf8 40. d6
Bf6 41. Kd5 Bd8 42. Rg7+ Kc8 43. b5 Rf5+ 44. Kc4 Rf4+ 45. Kb3 Rf3+ 46. Kb4 Rf4+
47. Kb3 Rf3+ 1/2-1/2

[Event "XXX Festival A"]
[Site "Arco ITA"]
[Date "2008.10.21"]
[Round "4"]
[White "Cottarelli, Franco"]
[Black "Traversi, Carlo"]
[Result "1/2-1/2"]
[WhiteElo "1899"]
[BlackElo "1759"]
[PlyCount "53"]
[EventDate "2008.10.18"]

1. e4 Nc6 2. Bc4 e5 3. Nf3 Be7 4. c3 Na5 5. Nxe5 Nxc4 6. Nxc4 Nf6 7. e5 Nd5 8.
d4 O-O 9. O-O b6 10. Nbd2 Bb7 11. Qg4 f5 12. exf6 Nxf6 13. Qg3 Nh5 14. Qg4 Nf4
15. Ne3 Ng6 16. Ndc4 Rf4 17. Qe2 Bg5 18. Bd2 Re4 19. Rfe1 Nf4 20. Qd1 Nd3 21.
Qb3 d5 22. Ne5 Nxe1 23. Rxe1 Bxe3 24. Bxe3 Qe7 25. g3 Rf8 26. c4 Rxe5 27. dxe5
1/2-1/2

[Event "XXX Festival A"]
[Site "Arco ITA"]
[Date "2008.10.21"]
[Round "4"]
[White "Cracco, Pietro"]
[Black "Barlocco, Carlo"]
[Result "0-1"]
[WhiteElo "1984"]
[BlackElo "2144"]
[PlyCount "104"]
[EventDate "2008.10.18"]

1. Nf3 Nf6 2. d4 e6 3. Bf4 d5 4. e3 Be7 5. Nbd2 O-O 6. Bd3 b6 7. Qe2 Nbd7 8. h3
Bb7 9. O-O Ne4 10. Ne5 f6 11. Nxd7 Qxd7 12. Nxe4 dxe4 13. Bb5 Bc6 14. a4 a5 15.
Rfd1 Rfd8 16. c4 Bd6 17. Qg4 f5 18. Qg3 Bxb5 19. cxb5 Rac8 20. Be5 Bxe5 21.
Qxe5 c6 22. Rac1 cxb5 23. Qxb5 Qxb5 24. axb5 Kf7 25. Rc3 Rxc3 26. bxc3 Rc8 27.
Rc1 Rc4 28. Kf1 Ke7 29. Ke1 Kd6 30. Kd2 e5 31. f3 exd4 32. exd4 Kd5 33. fxe4+
fxe4 34. Rf1 Rc7 35. Rf5+ Kc4 36. Re5 Kb3 37. Rxe4 a4 38. d5 Rxc3 39. Rxa4 Rc2+
40. Kd3 Kxa4 41. Kxc2 Kxb5 42. Kd3 Kc5 43. Ke4 Kd6 44. Kd4 h5 45. Kc4 Ke5 46.
Kb5 Kxd5 47. Kxb6 h4 48. Kc7 Ke5 49. Kd7 Kf4 50. Ke6 Kg3 51. Kf5 Kxg2 52. Kg4
g5 0-1

[Event "XXX Festival A"]
[Site "Arco ITA"]
[Date "2008.10.21"]
[Round "4"]
[White "De Polzer, Manfredi"]
[Black "Romagnoli, Roberto"]
[Result "0-1"]
[WhiteElo "1726"]
[BlackElo "2080"]
[PlyCount "158"]
[EventDate "2008.10.18"]

1. e4 e6 2. d4 d5 3. exd5 exd5 4. Nf3 Be7 5. Be2 Nf6 6. O-O O-O 7. Re1 Re8 8.
Bg5 Ne4 9. Bxe7 Rxe7 10. Nbd2 Nc6 11. Nf1 Bg4 12. c3 Qd6 13. Ne3 Bxf3 14. Bxf3
g6 15. g3 Rae8 16. Re2 Nb8 17. Qb3 c6 18. Rae1 b5 19. a4 a6 20. axb5 axb5 21.
Qc2 Nd7 22. Bxe4 Rxe4 23. f3 R4e6 24. Kf2 Kg7 25. Qd2 f5 26. Ng2 Nf6 27. Nf4
Rxe2+ 28. Rxe2 Rxe2+ 29. Qxe2 Kf7 30. Nd3 Nd7 31. Qe3 Qe6 32. Qf4 Kf6 33. h4
Kg7 34. Qc7 Kf6 35. Nf4 Qe7 36. Qxc6+ Kg7 37. Qxd5 b4 38. Qe6 Qxe6 39. Nxe6+
Kf7 40. d5 Nb6 41. Nf4 b3 42. Ke3 Nc4+ 43. Kd4 Nxb2 44. Nd3 Nd1 45. c4 b2 46.
Nxb2 Nxb2 47. c5 Ke7 48. Kc3 Nd1+ 49. Kd4 Nf2 50. d6+ Ke6 51. Kc4 Nd1 52. Kb5
Kd7 53. Kb6 Ne3 54. Kb7 Nd5 55. Kb8 Nb4 56. Kb7 Nc6 57. g4 fxg4 58. fxg4 Ne5
59. g5 Nc6 60. Kb6 Ne5 61. Kb7 Nc6 62. Kb6 Nd8 63. Kb5 Nf7 64. Kc4 Kc6 65. Kd4
Nxd6 66. cxd6 Kxd6 67. Ke4 Ke6 68. Kf4 Kd5 69. Kg4 Ke4 70. h5 Ke5 71. Kg3 Kf5
72. hxg6 hxg6 73. Kf3 Ke5 74. Ke3 Kf5 75. Kf3 Kxg5 76. Kg3 Kf5 77. Kf3 g5 78.
Kg2 Kg4 79. Kg1 Kg3 0-1

[Event "XXX Festival A"]
[Site "Arco ITA"]
[Date "2008.10.21"]
[Round "4"]
[White "Dieli, Riccardo"]
[Black "Trauth, Michael"]
[Result "0-1"]
[WhiteElo "1943"]
[BlackElo "2165"]
[PlyCount "98"]
[EventDate "2008.10.18"]

1. Nf3 g6 2. c4 Nf6 3. g3 c5 4. Bg2 Bg7 5. O-O O-O 6. Nc3 Nc6 7. b3 a6 8. Bb2
Rb8 9. Nd5 Nxd5 10. Bxg7 Ne3 11. dxe3 Kxg7 12. Rc1 d6 13. Qd2 Bf5 14. Nh4 Be6
15. f4 f6 16. e4 Qc7 17. f5 Bf7 18. g4 g5 19. Nf3 Ne5 20. Nxe5 dxe5 21. Qe3
Rbd8 22. Rfd1 Rd4 23. Rxd4 cxd4 24. Qf2 Qa5 25. Rc2 Qc5 26. Rd2 b5 27. Bf1 bxc4
28. bxc4 Rb8 29. Rc2 Rb4 30. h4 h6 31. hxg5 hxg5 32. e3 dxe3 33. Qe2 Qd4 34. c5
Qxe4 35. c6 Bd5 36. Bg2 Rb1+ 37. Kh2 Qf4+ 38. Kh3 Rb8 39. Bxd5 Rh8+ 40. Kg2
Rh2+ 41. Kg1 Rxe2 42. Rxe2 Qxg4+ 43. Kf1 Qxf5+ 44. Kg2 Qd3 45. Bf3 e4 46. Bg4
f5 47. c7 fxg4 48. Rxe3 Qc2+ 49. Kf1 Qxc7 0-1

[Event "XXX Festival A"]
[Site "Arco ITA"]
[Date "2008.10.21"]
[Round "4"]
[White "Diotallevi, Maurizio"]
[Black "Del Nevo, Claudio"]
[Result "0-1"]
[WhiteElo "2101"]
[BlackElo "1898"]
[PlyCount "66"]
[EventDate "2008.10.18"]

1. d4 d6 2. Nf3 Nf6 3. Nbd2 g6 4. e4 Bg7 5. Bd3 O-O 6. O-O c6 7. c3 b5 8. a4
bxa4 9. Rxa4 Bb7 10. Qc2 a5 11. Re1 Nbd7 12. h3 c5 13. d5 Ba6 14. Bxa6 Rxa6 15.
Nc4 Qc7 16. Bf4 Nb6 17. Nxb6 Qxb6 18. Nd2 Rfa8 19. Rea1 Nd7 20. Nc4 Qb5 21.
R1a3 Nb6 22. Nxb6 Rxb6 23. b4 cxb4 24. cxb4 Rbb8 25. Qc6 Qe2 26. bxa5 Rb1+ 27.
Kh2 Rab8 28. Rc4 Qxf2 29. Rf3 Qg1+ 30. Kg3 h5 31. Rc2 Qe1+ 32. Rcf2 Bd4 33. h4
Bxf2+ 0-1

[Event "XXX Festival A"]
[Site "Arco ITA"]
[Date "2008.10.21"]
[Round "4"]
[White "Drazic, Sinisa"]
[Black "De Andres Gonalons, Fernando"]
[Result "1-0"]
[WhiteElo "2528"]
[BlackElo "2092"]
[PlyCount "67"]
[EventDate "2008.10.18"]

1. e4 e6 2. d4 d5 3. Nc3 dxe4 4. Nxe4 Nd7 5. Bd3 Ngf6 6. Qe2 c5 7. Nxf6+ Nxf6
8. dxc5 Bxc5 9. Bd2 Qc7 10. O-O-O Bd7 11. Nf3 Bd6 12. Rhe1 Bc6 13. Kb1 Bxf3 14.
Qxf3 O-O-O 15. Bc3 Be7 16. g4 h6 17. h4 Rd5 18. Rg1 Bd6 19. g5 hxg5 20. hxg5
Ne8 21. g6 f6 22. Qe3 Be5 23. Bxe5 Rxe5 24. Qxa7 Qa5 25. Qd4 Rd5 26. Qe3 Nc7
27. a3 Re5 28. Qf3 Kb8 29. Rg4 Re1 30. Rd4 Nd5 31. Be4 Rh4 32. Qg3+ Rf4 33.
Bxd5 e5 34. Qb3 1-0

[Event "XXX Festival A"]
[Site "Arco ITA"]
[Date "2008.10.21"]
[Round "4"]
[White "Facchetti, Gianni"]
[Black "Virzi, Ettore"]
[Result "1/2-1/2"]
[WhiteElo "2154"]
[BlackElo "1950"]
[PlyCount "84"]
[EventDate "2008.10.18"]

1. e4 e5 2. Nf3 Nc6 3. Bc4 Nf6 4. Nc3 Nxe4 5. O-O Nxc3 6. dxc3 Be7 7. Qd5 O-O
8. Nxe5 Nxe5 9. Qxe5 Bf6 10. Qh5 c6 11. Re1 d5 12. Bd3 g6 13. Qf3 Bg7 14. Be3
Be6 15. Bd4 b6 16. Bxg7 Kxg7 17. Qf4 Qf6 18. Qd6 Bf5 19. Qxf6+ Kxf6 20. Bxf5
gxf5 21. f4 Rae8 22. Rxe8 Rxe8 23. Kf2 Re4 24. g3 a5 25. Rd1 Ke6 26. Rd3 Ra4
27. a3 Re4 28. Re3 Kf6 29. Ke2 b5 30. Kd2 h6 31. Rf3 Ke6 32. Rf1 Kd6 33. Ra1
Ke6 34. Kd3 Kd6 35. a4 Rxa4 36. Rxa4 bxa4 37. c4 Kc5 38. cxd5 cxd5 39. c3 a3
40. bxa3 a4 41. Kd2 Kb5 42. Kd3 Kc5 1/2-1/2